Регионална библиотека "Любен Каравелов" - Русе

Справочник по лозарство (Запис номер 57591)

MARC детайли
000 -Лидер
Контролно поле с фиксирана дължина 01794nam a2200409 c 4500
003 - Код на организацията, давaща контролен номер
Контролно поле BLK
005 - Дата и час на последна редакция
Контролно поле 20180422102115.0
008 - Елементи от данни с фиксирана дължина
fixed length control field 180408b bul|||||r ||||||| ||bul||
010 ## - Наследен системен номер
LC control number KNG00061597000
040 ## - Източник на каталожния запис
Идентификатор на билиотеката - собственик на записа BLK
041 ## - Код за език
Код за езика на текст/звукозапис или на отделно заглавие Български
Код за езика КДБФ Български
080 ## - УДК
Текстов определител УДК Лозарство. Лози
УДК код - определител по УДК 634.8
УДК определител (035)
УДК - код + определител 634.8(035)
100 1# - Редна дума - Автор
Автор Ников, Митко Маринов
Авторска отговорност първи автор
R(LIN) 252922
139 ## - Редно поле
Редна дума Справочник по лозарство
Авторски знак Спр - С 59
245 10 - Сведения за заглавието
Заглавие Справочник по лозарство
Редно поле (дума) Митко Маринов Ников; науч. ред. Митко Маринов Ников; науч. ред. Тачо Чолаков; * Славчо Йонев; * Тачо Чолаков; * Иван Маленин; * Иван Тодоров; * Иван Монов; * Иван Монов Иванов.
257 ## - Страна на издаване
Страна на създаване/издаване България
260 ## - Област на издателските данни
-- Пловдив
Име на издателя, разпространителя и проч. Христо Г. Данов
Година на издаване 1983
300 ## - Физическа характеристика
Страници 280 с.
Илюстрации и др. с ил., табл.
Размери/Мащаб 21 см
380 ## - Жанр
Жанр Селско стопанство
500 ## - Общи забележки
Забележка 15 100 тир.
650 #4 - Допълнително описание по предмет – тема
Основно описание – тема или топоним Лозарство - справочници
9 (RLIN) 287724
653 ## - Ключова дума – ненормативна
Ключова дума лозарство
653 ## - Ключова дума – ненормативна
Ключова дума справочници
700 1# - Други автори (авторска отговорност)
Лично име Ников, Митко Маринов
Автороска отговорност (Описва отношението между автора и произведението) науч. ред.
9 (RLIN) 369541
700 1# - Други автори (авторска отговорност)
Лично име Чолаков, Тачо
Автороска отговорност (Описва отношението между автора и произведението) науч. ред.
9 (RLIN) 287719
700 1# - Други автори (авторска отговорност)
Лично име Йонев, Славчо
Автороска отговорност (Описва отношението между автора и произведението) *
9 (RLIN) 287720
700 1# - Други автори (авторска отговорност)
Лично име Чолаков, Тачо
Автороска отговорност (Описва отношението между автора и произведението) *
9 (RLIN) 369542
700 1# - Други автори (авторска отговорност)
Лично име Маленин, Иван
Автороска отговорност (Описва отношението между автора и произведението) *
9 (RLIN) 287721
700 1# - Други автори (авторска отговорност)
Лично име Тодоров, Иван
Автороска отговорност (Описва отношението между автора и произведението) *
Друга информация Иванов, Иван Тодоров
9 (RLIN) 365065
700 1# - Други автори (авторска отговорност)
Лично име Монов, Иван
Автороска отговорност (Описва отношението между автора и произведението) *
Друга информация Иванов, Иван Монов
9 (RLIN) 287722
700 1# - Други автори (авторска отговорност)
Лично име Иванов, Иван Монов
Автороска отговорност (Описва отношението между автора и произведението) *
9 (RLIN) 287723
852 ## - Местоположение
Форматна сигнатура Цб 120064
856 4# - Електронен адрес и достъп
Електронен формат pdf - файл
Път до файла /url/
856 4# - Електронен адрес и достъп
Електронен формат pdf - файл
Път до файла /url/
942 ## - АРТИКУЛИ
Вид на библиотечния материал Книги
Скрит в OPAC Не
944 ## - СЪЗДАВАНЕ И РЕДАКЦИЯ на ЗАПИСА
Създаване/Редакция Създаване
Дата на регистрацията/редакция 13.06.2004
Статус, дата на статуса ф /
Служител, извършил регистрацията/редакцията Людмила_Стоянова
944 ## - СЪЗДАВАНЕ И РЕДАКЦИЯ на ЗАПИСА
Създаване/Редакция Редакция
Дата на регистрацията/редакция 04.11.2009
Статус, дата на статуса ф /
Служител, извършил регистрацията/редакцията
999 ## - СИСТЕМНИ КОНТРОЛНИ НОМЕРА
Koha biblionumber 57591
Koha biblioitemnumber 57591
Наличности
Код за отписване Код за изгубен артикул Източник на класификационната схема Код за повреда Коз за рестрикции Код за отдаване Артикулен № Име на библиотеката - собственик Име на библиотеката, в която се намира в момента Статус (Текущо местоположение) Дата на вписване в системата Местоположение - отдел Цена в лева Инвентарен номер Систематично азбучна сигнатура Баркод Номер на екземпляра Цена в евро Служебна бележка Служебен тип на артикула
  Не е изгубен Universal Decimal Classification Не е повреден без рестрикции ползва се в читалня 93621 Регионална библиотека "Любен Каравелов" Русе Регионална библиотека "Любен Каравелов" Русе Читалня 1993-01-01 Читалня 1.79 372545 Ч 634.8/С 59 120000372545 1 0.92 Дост: Pk Вид: Ф N: стар фонд Дата: 01.01.1983 Дата инв: 20.03.2017 Бележки инв: Ч2017 Книги
  Не е изгубен Universal Decimal Classification Не е повреден без рестрикции ползва се в читалня 93622 Регионална библиотека "Любен Каравелов" Русе Регионална библиотека "Любен Каравелов" Русе Хранилище 1983-01-01 Хранилище 1.79 372063 Цб 120064 900000010908 2 0.92 Дост: Dp Вид: Д N: стар фонд Дата: 01.01.1983 Книги
Изтеглен Не е изгубен Universal Decimal Classification Не е повреден без рестрикции заемане за дома 93623 Регионална библиотека "Любен Каравелов" Русе Регионална библиотека "Любен Каравелов" Русе Заемна - подръчен фонд 1983-01-01 Заемна - подръчен фонд 1.79 372542 П 634.8/С 59 372542 3 0.92 Дост: Pk Вид: Ф N: стар фонд Дата: 01.01.1983 Книги
Изтеглен Не е изгубен Universal Decimal Classification Не е повреден без рестрикции заемане за дома 93624 Регионална библиотека "Любен Каравелов" Русе Регионална библиотека "Любен Каравелов" Русе Заемна - подръчен фонд 1983-01-01 Заемна - подръчен фонд 1.79 372543 П 634.8/С 59 372543 4 0.92 Дост: Pk Вид: Ф N: стар фонд Дата: 01.01.1983 Книги
Vip Innovations Ltd, Rousse, Bulgaria 2025